| 000 | 00580nam a22001817a 4500 | ||
|---|---|---|---|
| 999 |
_c184042 _d184042 |
||
| 005 | 20220112105305.0 | ||
| 010 | _aENG-131067 | ||
| 020 |
_a10-SE-000-941 _c750.00 |
||
| 035 | _aEN-114599 | ||
| 037 | _bDBAD | ||
| 082 | _a510 | ||
| 100 | _aMalhotra, O.P. | ||
| 245 |
_aISC MATHEMATICS BOOK 1: _cO.P. MALHOTRA, S.K. GUPTA, ANUBHUTI GANGAL _bfor Class XI/ |
||
| 260 |
_aNew Delhi _bS Chand School Books _c2013 |
||
| 270 |
_bNew Delhi _aA-27, 2nd Floor, Mohan Co-operative Industrial Estate _e110044 |
||
| 300 |
_a1068p. _c23cm(pbk) |
||
| 942 |
_2ddc _cEN _h510 _mMAL |
||